| 000 | 00503nam a2200121Ia 4500 | ||
|---|---|---|---|
| 008 | 220615s9999||||xx |||||||||||||| ||und|| | ||
| 100 | _a978-953-51-3967-6 | ||
| 245 | 0 | _aEvolutionary Physiology and Biochemistry - Advances and Perspectives | |
| 546 | _aEnglish[eng] | ||
| 650 | _aLife Sciences||Microbiology||Genetics and Molecular Biology||Applied Microbiology||Biochemistry | ||
| 856 | _uhttps://www.intechopen.com/books/evolutionary-physiology-and-biochemistry-advances-and-perspectives | ||
| 942 | _cEB | ||
| 999 |
_c14978 _d14978 |
||